00393 a2200097 4500001001000000005001700010008004100027245007700068100002300145773012700168ART_2311620260410161929.0260409a 10aLa influencia de la filosofía política de Hobbes en el mercantilismo1 aLetizia, Francisco0 tRevista de la Facultad de Ciencias Económicas de la Universidad de Cuyog- Año XXXV, Nº 87 (ene./jun. 1983)wREV22981